Every Ski Resort In New York - Statistics

General Stats
  • This quiz has been taken 4 times
  • The average score is 9 of 58
Answer Stats
Ski Resorts % Correct
Gore Mountain
100%
Holiday Valley Resort
100%
Whiteface Mountain
100%
Belleayre Mountain
50%
Buffalo Ski Club
50%
Catamount Ski Area
50%
Hickory Ski Center
50%
Holiday Mountain
50%
Hunter Mountain
50%
Mt. Peter Ski Area
50%
Mt. Pisgah
50%
Oak Mountain Ski Center
50%
Plattekill Mountain
50%
West Mountain Ski Area
50%
Windham Mountain
50%
Beartown Ski Area
0%
Brantling Ski Slopes
0%
Bristol Mountain Ski Resort
0%
Camillus
0%
Cazenovia Ski Club
0%
Cockaigne Ski Resort
0%
Double H Ranch
0%
Dry Hill Ski Area
0%
Dynamite Hill
0%
Emery Park
0%
Four Seasons Ski Center
0%
Greek Peak Ski Resort
0%
HoliMont
0%
Hunt Hollow
0%
Kissing Bridge
0%
Labrador Mountain
0%
Maple Ski Ridge
0%
McCauley Mountain
0%
Mount Van Hovenburg
0%
Newcomb
0%
Northampton Park
0%
North Creek Ski Bowl
0%
Otis Mountain
0%
Peek'n Peak Ski Area
0%
Polar Peak Ski Bowl
0%
Powder Mills Park
0%
Ridin-Hy
0%
Rocking Horse Ranch
0%
Royal Mountain
0%
Schroon Lake Ski Center
0%
Skaneateles Ski Club
0%
Ski Venture
0%
Snow Ridge
0%
Song Mountain
0%
Swain Ski And Snowboard Resort
0%
Thunder Ridge
0%
Titus Mountain
0%
Val Bialas Ski Center
0%
Victor Constant Ski Area
0%
Villa Roma Ski Area
0%
Willard Mountain Ski Area
0%
Woodstream
0%
Woods Valley Ski Area
0%
No matching quizzes found
Score Distribution
Percent of People with Each Score
Percentile by Number Answered
Your Score History
You have not taken this quiz